ロード中...
A Study on lattice matrices
| 主要な著者: | , |
|---|---|
| 団体著者: | |
| フォーマット: | Ph.D Thesis |
| LEADER | 00465nam a22001097a 4500 | ||
|---|---|---|---|
| 999 | |c 186477 |d 186473 | ||
| 100 | |a Geena Joy,Research Scholar |9 164649 | ||
| 100 | |a Thomas,K V, Guide |9 164650 | ||
| 245 | |a A Study on lattice matrices | ||
| 710 | |a Mahatma Gandhi University, Kottayam |b Department of mathematics, Bharata Mata College, Thrikkakkara, Kochi |f 31/05/2019 |k Thesis |9 164651 | ||
| 942 | |c THES | ||
| 952 | |0 0 |1 0 |4 0 |7 0 |9 185132 |a MGUL |b MGUL |d 2019-09-19 |l 0 |p T03586 |r 2019-09-19 |w 2019-09-19 |y THES | ||